[Event "SVK-chT 2324"]
[Site "Slovakia"]
[Date "2024.05.05"]
[Round "11.7"]
[White "Svana, Peter"]
[Black "Skreko, Igor1"]
[Result "1-0"]
[WhiteElo "2272"]
[BlackElo "2187"]
[PlyCount "109"]
[EventDate "2023.11.04"]
[EventType "team-tourn"]
[EventRounds "11"]
[EventCountry "SVK"]
[SourceTitle "CBM 220 Extra"]
[Source "ChessBase"]
[SourceDate "2024.07.31"]
[SourceVersion "1"]
[SourceVersionDate "2024.07.31"]
[SourceQuality "1"]
[WhiteTeam "Cadca Caissa"]
[BlackTeam "Osuske"]
[WhiteTeamCountry "SVK"]
[BlackTeamCountry "SVK"]

1. e4 c5 2. Nf3 d6 3. d4 cxd4 4. Nxd4 Nf6 5. Nc3 a6 6. h3 e5 7. Nde2 h5 8. g3 Be7 9. Be3 Be6 10. a4 d5 11. exd5 Nxd5 12. Bd2 Nc6 13. Bg2 Qd7 14. Ne4 Rd8 15. c3 Bf5 16. a5 0-0 17. Qc2 Qc7 18. Qa4 Nf6 19. Nxf6+ Bxf6 20. Be3 Qd7 21. Bf3 Bd3 22. Bxh5 Qd5 23. 0-0 g6 24. Bg4 Bg7 25. Rfd1 f5 26. Nc1 e4 27. Be2 Ne5 28. Bf4 Qc5 29. Bxe5 Bxe2 30. Nxe2 Qxe5 31. Qb3+ Kh7 32. Qb6 Rxd1+ 33. Rxd1 g5 34. Qxb7 f4 35. Rd5 Qf6 36. g4 e3 37. Nd4 Rf7 38. Rd7 Rxd7 39. Qxd7 Qe5 40. Kf1 e2+ 41. Nxe2 Kg8 42. Qc8+ Bf8 43. Qxa6 Qe4 44. Nd4 Qh1+ 45. Ke2 Qe4+ 46. Kd2 Qg2 47. Qe2 Bg7 48. a6 Bxd4 49. Qc4+ Kh7 50. Qxd4 Qc6 51. a7 Qb7 52. b4 f3 53. Ke3 Kh6 54. Qh8+ Kg6 55. Qh5+ 1-0

[Event "Oberliga Wuerttemberg 2324"]
[Site "Wuerttemberg"]
[Date "2023.12.10"]
[Round "4.3"]
[White "Brueckner, Thomas"]
[Black "Svana, Peter"]
[Result "1/2-1/2"]
[WhiteElo "2306"]
[BlackElo "2275"]
[PlyCount "33"]
[EventDate "2023.09.17"]
[EventType "team-tourn"]
[EventRounds "9"]
[EventCountry "GER"]
[SourceTitle "EXT 2025"]
[Source "ChessBase"]
[SourceDate "2024.10.14"]
[SourceVersion "1"]
[SourceVersionDate "2024.10.14"]
[SourceQuality "1"]
[WhiteTeam "Stuttgart SF"]
[BlackTeam "Schwaebisch Hall"]
[WhiteTeamCountry "GER"]
[BlackTeamCountry "GER"]

1. d4 Nf6 2. Bf4 g6 3. Nc3 d5 4. e3 Bg7 5. Nb5 Na6 6. Nc3 Nb8 7. Nb5 Na6 8. Nc3 0-0 9. Bxa6 bxa6 10. Be5 Rb8 11. Rb1 a5 12. Qd2 Qd7 13. Nge2 Ba6 14. 0-0 Rbc8 15. Rfd1 Rfd8 16. Nf4 e6 17. Nd3 1/2-1/2

[Event "Oberliga Wuerttemberg 2223"]
[Site "Wuerttemberg"]
[Date "2023.02.05"]
[Round "6.6"]
[White "Svana, Peter"]
[Black "Jelica, Mara"]
[Result "1-0"]
[WhiteElo "2269"]
[BlackElo "2102"]
[PlyCount "72"]
[EventDate "2022.09.18"]
[EventType "team-tourn"]
[EventRounds "9"]
[EventCountry "GER"]
[SourceTitle "EXT 2025"]
[Source "ChessBase"]
[SourceDate "2024.10.14"]
[SourceVersion "1"]
[SourceVersionDate "2024.10.14"]
[SourceQuality "1"]
[WhiteTeam "Schwaebisch Hall"]
[BlackTeam "Deizisau II"]
[WhiteTeamCountry "GER"]
[BlackTeamCountry "GER"]

1. d4 d6 2. e4 Nf6 3. Nc3 g6 4. h3 Bg7 5. Be3 Nbd7 6. Qd2 c6 7. a4 0-0 8. Nf3 e5 9. dxe5 Nxe5 10. Be2 Be6 11. Ng5 Qe7 12. b3 Bc8 13. Rd1 Ne8 14. f4 Nd7 15. Bd4 h6 16. Bxg7 Kxg7 17. Nf3 Ndf6 18. Qd4 Kh7 19. g4 Bd7 20. e5 dxe5 21. fxe5 Nd5 22. Nxd5 cxd5 23. 0-0 Be6 24. Bd3 Ng7 25. Qe3 Bd7 26. Nd4 Rae8 27. Rde1 Qh4 28. Kg2 Qd8 29. Rf6 Ne6 30. Ref1 Nxd4 31. Rxf7+ Rxf7 32. Rxf7+ Kg8 33. Qxh6 Kxf7 34. Bxg6+ Ke7 35. Qg7+ Ke6 36. Bf7+ Ke7 1-0

[Event "SVK-chT1E 2223"]
[Site "Slovakia"]
[Date "2022.12.04"]
[Round "6.1"]
[White "Svana, Peter"]
[Black "Mika, Tomasz1"]
[Result "1-0"]
[WhiteElo "2261"]
[BlackElo "2185"]
[PlyCount "113"]
[EventDate "2022.10.15"]
[EventType "team-tourn"]
[EventRounds "11"]
[EventCountry "SVK"]
[SourceTitle "EXT 2024"]
[Source "ChessBase"]
[SourceDate "2023.10.10"]
[SourceVersion "1"]
[SourceVersionDate "2023.10.10"]
[SourceQuality "1"]
[WhiteTeam "Zilina Mladost II"]
[BlackTeam "Dunajov Martin II"]
[WhiteTeamCountry "SVK"]
[BlackTeamCountry "SVK"]

1. e4 c6 2. Nc3 d5 3. Nf3 Nf6 4. e5 Ne4 5. Ne2 Qb6 6. d4 e6 7. Ng3 c5 8. Bd3 Nxg3 9. fxg3 h6 10. 0-0 Nc6 11. dxc5 Bxc5+ 12. Kh1 Bd7 13. c3 Rc8 14. Qe2 d4 15. b4 Bf8 16. b5 Ne7 17. cxd4 Nd5 18. a4 Bb4 19. Qe4 Rc7 20. Nd2 Rxc1 21. Raxc1 Bxd2 22. Rc2 Be3 23. Rc5 Bg5 24. h4 Be7 25. Rc2 Qa5 26. Rcf2 Rf8 27. Qh7 Qc3 28. Rxf7 Rxf7 29. Rxf7 Kd8 30. Rxg7 Qxd4 31. Be4 Qxe5 32. Bxd5 exd5 33. Qxh6 b6 34. Qh8+ Be8 35. Qh7 d4 36. Rg8 Kd7 37. Qc2 Qc5 38. Qe4 Bf7 39. Ra8 Bd5 40. Rxa7+ Kd8 41. Qh7 Qd6 42. Kh2 Qe5 43. a5 bxa5 44. b6 d3 45. Qxd3 Bc5 46. Qh7 Bc6 47. Qg8+ Be8 48. Ra8+ Kd7 49. b7 Bd6 50. Qb3 Bb8 51. Qa3 Bf7 52. Rxa5 Qf6 53. Qa4+ Kc7 54. Rc5+ Kxb7 55. Qb4+ Ka8 56. Ra5+ Ba7 57. Qc5 1-0

[Event "Tirnavia Reti Memorial IM"]
[Site "Trnava"]
[Date "2022.08.15"]
[Round "6"]
[White "Straka, Jozef1"]
[Black "Svana, Peter"]
[Result "0-1"]
[WhiteElo "2304"]
[BlackElo "2255"]
[PlyCount "128"]
[EventDate "2022.08.10"]
[EventType "tourn"]
[EventRounds "9"]
[EventCountry "SVK"]
[EventCategory "1"]
[SourceTitle "CBM 209 Extra"]
[Source "ChessBase"]
[SourceDate "2022.09.30"]
[SourceVersion "1"]
[SourceVersionDate "2022.09.30"]
[SourceQuality "1"]

1. d4 Nf6 2. c4 g6 3. Nc3 Bg7 4. e4 0-0 5. Be2 d6 6. Bg5 h6 7. Be3 Na6 8. Qd2 c5 9. d5 Kh7 10. h3 e6 11. Nf3 exd5 12. exd5 Nc7 13. 0-0 a6 14. a4 Rb8 15. Rab1 Bf5 16. Bd3 Qd7 17. Bxf5 Qxf5 18. Bf4 Rfd8 19. b4 Nfe8 20. Bg3 cxb4 21. Rxb4 a5 22. Rbb1 Na6 23. Nb5 Nc5 24. Qxa5 Ra8 25. Qb6 Qd7 26. Nbd4 Rxa4 27. Rfc1 Nf6 28. Nb3 Nfe4 29. Nxc5 Nxc5 30. Nd2 f5 31. Nb3 Ne4 32. Qe3 Ra3 33. Bh2 Re8 34. Nc5 Rxe3 35. Nxd7 Re2 36. Re1 Nd2 37. Rxe2 Rxe2 38. Rc1 Nxc4 39. Kf1 Re4 40. f3 Nd2+ 41. Kg1 Re7 42. Nb8 Bd4+ 43. Kh1 Bc5 44. Bf4 Nb3 45. Rc3 g5 46. Bxg5 hxg5 47. Rxb3 Re1+ 48. Kh2 f4 49. Rxb7+ Kg6 50. g4 Re2+ 51. Kh1 Rf2 52. Rb3 Be3 53. Nc6 Rxf3 54. Ne7+ Kf6 55. Nf5 Ke5 56. Kg2 Rf2+ 57. Kh1 Bc5 58. h4 f3 59. h5 Kf4 60. h6 Kxg4 61. h7 Rf1+ 62. Kh2 Bg1+ 63. Kh1 Be3+ 64. Kh2 Bf4+ 0-1

[Event "Tirnavia Reti Memorial IM"]
[Site "Trnava"]
[Date "2022.08.11"]
[Round "2"]
[White "Konyves, Almos"]
[Black "Svana, Peter"]
[Result "0-1"]
[WhiteElo "2202"]
[BlackElo "2255"]
[PlyCount "76"]
[EventDate "2022.08.10"]
[EventType "tourn"]
[EventRounds "9"]
[EventCountry "SVK"]
[EventCategory "1"]
[SourceTitle "CBM 209 Extra"]
[Source "ChessBase"]
[SourceDate "2022.09.30"]
[SourceVersion "1"]
[SourceVersionDate "2022.09.30"]
[SourceQuality "1"]

1. d4 Nf6 2. c4 c5 3. Nf3 cxd4 4. Nxd4 e5 5. Nb5 d5 6. cxd5 Bc5 7. N5c3 0-0 8. g3 e4 9. e3 Bf5 10. Bg2 Re8 11. a3 Nbd7 12. Nd2 Rc8 13. 0-0 h5 14. b4 Bd6 15. Bb2 h4 16. Re1 Bb8 17. Qb3 Ne5 18. Ncxe4 Nxe4 19. Nxe4 Nc4 20. Nc5 Nxb2 21. Qxb2 Be5 22. Qa2 b6 23. Nb3 Rc2 24. Qb1 Qf6 25. Ra2 Rec8 26. Rxc2 Rxc2 27. Rf1 Rb2 28. Qd1 Bc2 29. Qc1 Bxb3 30. Qc8+ Kh7 31. Be4+ g6 32. Kg2 Kg7 33. Bf3 Rc2 34. Qg4 Rd2 35. e4 Bd4 36. Be2 Bc2 37. gxh4 Qe5 38. d6 Bxe4+ 0-1

[Event "Piestany Slovakia op-A"]
[Site "Piestany"]
[Date "2022.07.11"]
[Round "1"]
[White "Svana, Peter"]
[Black "Paluska, Karol"]
[Result "1-0"]
[WhiteElo "2280"]
[BlackElo "1957"]
[PlyCount "39"]
[EventDate "2022.07.11"]
[EventType "swiss"]
[EventRounds "9"]
[EventCountry "SVK"]
[SourceTitle "CBM 209 Extra"]
[Source "ChessBase"]
[SourceDate "2022.09.30"]
[SourceVersion "1"]
[SourceVersionDate "2022.09.30"]
[SourceQuality "1"]

1. d4 Nf6 2. c4 e6 3. Nf3 b6 4. g3 Bb7 5. Bg2 c5 6. d5 d6 7. 0-0 Be7 8. dxe6 fxe6 9. Bh3 Bc8 10. Nc3 0-0 11. Ng5 Nc6 12. Bxe6+ Kh8 13. Nf7+ Rxf7 14. Bxf7 Bh3 15. Re1 Ng4 16. Bd5 Nd4 17. e3 Nf5 18. Ne4 Ne5 19. f3 h5 20. Nf2 1-0

[Event "Innsbruck op 5th"]
[Site "Innsbruck"]
[Date "2021.08.24"]
[Round "5"]
[White "Svana, Peter"]
[Black "Ragger, Markus"]
[Result "0-1"]
[WhiteElo "2251"]
[BlackElo "2685"]
[PlyCount "70"]
[EventDate "2021.08.21"]
[EventType "swiss"]
[EventRounds "9"]
[EventCountry "AUT"]
[SourceTitle "CBM 204 Extra"]
[Source "ChessBase"]
[SourceDate "2021.11.30"]
[SourceVersion "1"]
[SourceVersionDate "2021.11.30"]
[SourceQuality "1"]

1. d4 Nf6 2. c4 e6 3. Nc3 Bb4 4. e3 0-0 5. Bd3 d5 6. Nf3 dxc4 7. Bxc4 c5 8. a3 Bxc3+ 9. bxc3 Qc7 10. Be2 b6 11. 0-0 Rd8 12. Bb2 Bb7 13. Ne5 Nc6 14. f4 Rac8 15. Bd3 Ne7 16. Ng4 Nxg4 17. Qxg4 f5 18. Qh3 c4 19. Bc2 Rf8 20. e4 Rf6 21. Rae1 Rh6 22. Qe3 fxe4 23. Bxe4 Bxe4 24. Qxe4 Qc6 25. Qc2 Rf8 26. a4 Rf5 27. Re5 Rhf6 28. Rxf5 Nxf5 29. Bc1 Rg6 30. Rf2 h5 31. Re2 h4 32. Re5 h3 33. g3 Nxg3 34. d5 Qc5+ 35. Be3 Ne4+ 0-1

[Event "Innsbruck op 5th"]
[Site "Innsbruck"]
[Date "2021.08.21"]
[Round "1"]
[White "Svana, Peter"]
[Black "Mayrhuber, Nikola"]
[Result "1-0"]
[WhiteElo "2251"]
[BlackElo "2026"]
[PlyCount "59"]
[EventDate "2021.08.21"]
[EventType "swiss"]
[EventRounds "9"]
[EventCountry "AUT"]
[SourceTitle "CBM 204 Extra"]
[Source "ChessBase"]
[SourceDate "2021.11.30"]
[SourceVersion "1"]
[SourceVersionDate "2021.11.30"]
[SourceQuality "1"]

1. Nf3 d5 2. c4 e6 3. d4 Nf6 4. Nc3 Be7 5. Bf4 0-0 6. e3 a6 7. Rc1 c5 8. a3 dxc4 9. Bxc4 b5 10. Bd3 c4 11. Bb1 Nc6 12. 0-0 Na5 13. Qc2 Bb7 14. e4 g6 15. Rcd1 Qb6 16. h3 Rfd8 17. Be3 Nb3 18. Qe2 Rac8 19. Bc2 Qa5 20. e5 Ne8 21. Ne4 Bd5 22. Nfg5 c3 23. bxc3 Qxa3 24. Qf3 Bxg5 25. Bxg5 Rd7 26. Bh6 Bxe4 27. Bxe4 Rdc7 28. Rd3 Na5 29. c4 Qb4 30. Bd2 1-0

[Event "SVK-ch rapid"]
[Site "Topolcany"]
[Date "2020.07.11"]
[Round "7"]
[White "Chlpik, Martin"]
[Black "Svana, Peter"]
[Result "1-0"]
[WhiteElo "2066"]
[BlackElo "2256"]
[PlyCount "73"]
[EventDate "2020.07.11"]
[EventType "swiss (rapid)"]
[EventRounds "9"]
[EventCountry "SVK"]
[SourceTitle "CBM 197 Extra"]
[Source "ChessBase"]
[SourceDate "2020.09.30"]
[SourceVersion "1"]
[SourceVersionDate "2020.09.30"]
[SourceQuality "1"]

1. d4 Nf6 2. Bf4 d6 3. e3 Nbd7 4. Nf3 c5 5. c3 b6 6. h3 Bb7 7. Nbd2 g6 8. Be2 Bg7 9. 0-0 0-0 10. a4 a6 11. Qb3 Bc6 12. Bh2 Qc8 13. c4 Rb8 14. d5 Ba8 15. e4 Ne8 16. Nb1 Nc7 17. Nc3 h6 18. Rfe1 Ne5 19. Nh4 Qd8 20. f4 Nd7 21. Nf3 e6 22. e5 exd5 23. cxd5 b5 24. exd6 Ne8 25. axb5 axb5 26. Nxb5 Ndf6 27. Rxa8 Rxa8 28. f5 Qb6 29. Bc4 gxf5 30. Nh4 Ne4 31. Nxf5 N8f6 32. Qd3 Rfe8 33. Ne7+ Kh8 34. Be5 Qa5 35. Rxe4 Nxe4 36. Qxe4 f6 37. Bd3 1-0

[Event "SVK-chT1E 1920"]
[Site "Slovakia"]
[Date "2019.12.08"]
[Round "6.1"]
[White "Svana, Peter"]
[Black "Jurcik, Marian"]
[Result "1/2-1/2"]
[WhiteElo "2248"]
[BlackElo "2456"]
[PlyCount "108"]
[EventDate "2019.10.12"]
[EventType "team-tourn"]
[EventRounds "11"]
[EventCountry "SVK"]
[SourceTitle "CBM 194 Extra"]
[Source "ChessBase"]
[SourceDate "2020.03.31"]
[SourceVersion "1"]
[SourceVersionDate "2020.03.31"]
[SourceQuality "1"]
[WhiteTeam "Kysucke Nove Mesto"]
[BlackTeam "Cadca"]
[WhiteTeamCountry "SVK"]
[BlackTeamCountry "SVK"]

1. d4 d5 2. c4 e6 3. Nc3 a6 4. cxd5 exd5 5. Bf4 Nf6 6. Nf3 Bd6 7. Bg3 0-0 8. e3 Bf5 9. Bd3 Bxd3 10. Qxd3 Re8 11. 0-0 Ne4 12. Be5 c6 13. Rfc1 Nd7 14. Bxd6 Nxd6 15. Ne2 Qf6 16. Ng3 g6 17. Nd2 Re7 18. f3 Rd8 19. e4 dxe4 20. fxe4 Nb5 21. Nf3 Qe6 22. Qe3 f6 23. a4 Nd6 24. Qf4 Rde8 25. Re1 Nc4 26. b3 Ncb6 27. Rab1 Nf8 28. Qd2 Nbd7 29. Qc3 Qg4 30. e5 fxe5 31. dxe5 Nb6 32. Re4 Nd5 33. Qd2 Qc8 34. Rf1 Ne6 35. Rh4 Rf8 36. Ne4 Qc7 37. a5 b6 38. b4 bxa5 39. bxa5 Qa7+ 40. Kh1 Ref7 41. Rc1 Qc7 42. h3 Rxf3 43. gxf3 Qxe5 44. Qh6 Rf7 45. Rxc6 Qa1+ 46. Rc1 Qa3 47. Qd2 Qxf3+ 48. Qg2 Qxg2+ 49. Kxg2 g5 50. Rh6 Ndf4+ 51. Kh2 Kg7 52. Rxe6 Nxe6 53. Rc6 Re7 54. Nd6 Ra7 1/2-1/2

[Event "SVK-chT1E 1718"]
[Site "Slovakia"]
[Date "2018.03.11"]
[Round "11.2"]
[White "Svana, Peter"]
[Black "Peterson, Eric"]
[Result "1/2-1/2"]
[WhiteElo "2248"]
[BlackElo "2161"]
[PlyCount "53"]
[EventDate "2017.10.21"]
[EventType "team-tourn"]
[EventRounds "11"]
[EventCountry "SVK"]
[SourceTitle "EXT 2019"]
[Source "ChessBase"]
[SourceDate "2018.10.10"]
[SourceVersion "1"]
[SourceVersionDate "2018.10.10"]
[SourceQuality "1"]
[WhiteTeam "Kysucke Nove Mesto"]
[BlackTeam "Kezmarok"]
[WhiteTeamCountry "SVK"]
[BlackTeamCountry "SVK"]

1. Nf3 d5 2. c4 e6 3. g3 Nf6 4. Bg2 Be7 5. d4 0-0 6. Qc2 c5 7. dxc5 Qa5+ 8. Nc3 dxc4 9. 0-0 Nc6 10. Bg5 Qxc5 11. Bxf6 Bxf6 12. Ne4 Qe7 13. Nxf6+ Qxf6 14. Nd2 e5 15. Nxc4 Bf5 16. Qb3 Rab8 17. e3 Be6 18. Qc3 Bxc4 19. Qxc4 Rfc8 20. Rac1 h5 21. b3 g6 22. Rfd1 Qe7 23. Bd5 Kf8 24. Rd2 Rd8 25. Rcd1 Rbc8 26. Qa4 a6 27. Bxc6 1/2-1/2

[Event "SVK-chT1E 1718"]
[Site "Slovakia"]
[Date "2018.02.18"]
[Round "9.1"]
[White "Mazur, Stefan"]
[Black "Svana, Peter"]
[Result "1-0"]
[WhiteElo "2439"]
[BlackElo "2209"]
[PlyCount "59"]
[EventDate "2017.10.21"]
[EventType "team-tourn"]
[EventRounds "11"]
[EventCountry "SVK"]
[SourceTitle "EXT 2019"]
[Source "ChessBase"]
[SourceDate "2018.10.10"]
[SourceVersion "1"]
[SourceVersionDate "2018.10.10"]
[SourceQuality "1"]
[WhiteTeam "Michalovce Zemplin"]
[BlackTeam "Kysucke Nove Mesto"]
[WhiteTeamCountry "SVK"]
[BlackTeamCountry "SVK"]

1. e4 e5 2. Nf3 Nc6 3. Bb5 a6 4. Ba4 Nf6 5. 0-0 Be7 6. Re1 b5 7. Bb3 0-0 8. c3 d6 9. h3 Nd7 10. d4 Bf6 11. Be3 Na5 12. Bc2 exd4 13. cxd4 Nc4 14. Bc1 c5 15. Nc3 Bb7 16. b3 b4 17. bxc4 bxc3 18. Rb1 Qc7 19. e5 dxe5 20. dxe5 Bxf3 21. Qd3 g6 22. Qxf3 Rfe8 23. Rd1 Bxe5 24. Rb7 Bh2+ 25. Kh1 Ne5 26. Qd5 Qa5 27. Kxh2 Rad8 28. Qe4 Rxd1 29. Bxd1 Qxa2 30. Bh6 1-0

[Event "SVK-chT1E 1718"]
[Site "Slovakia"]
[Date "2018.02.03"]
[Round "7.1"]
[White "Csolto, Tibor Jr"]
[Black "Svana, Peter"]
[Result "0-1"]
[WhiteElo "2266"]
[BlackElo "2209"]
[PlyCount "80"]
[EventDate "2017.10.21"]
[EventType "team-tourn"]
[EventRounds "11"]
[EventCountry "SVK"]
[SourceTitle "EXT 2019"]
[Source "ChessBase"]
[SourceDate "2018.10.10"]
[SourceVersion "1"]
[SourceVersionDate "2018.10.10"]
[SourceQuality "1"]
[WhiteTeam "Jelsava Magnezit"]
[BlackTeam "Kysucke Nove Mesto"]
[WhiteTeamCountry "SVK"]
[BlackTeamCountry "SVK"]

1. e4 c5 2. Nf3 d6 3. d4 cxd4 4. Nxd4 Nf6 5. Nc3 a6 6. Be3 e5 7. Nb3 Be6 8. f3 h5 9. Qd2 Nbd7 10. 0-0-0 Rc8 11. Kb1 Be7 12. Qf2 b5 13. h3 h4 14. g4 hxg3 15. Qxg3 Nh5 16. Qg1 g5 17. Rh2 Nf4 18. Bxf4 gxf4 19. Rg2 Nf6 20. Nd5 Bxd5 21. exd5 Qc7 22. c3 Kd7 23. Rg7 Rcg8 24. c4 bxc4 25. Rc1 Ke8 26. Bxc4 Kf8 27. Rxg8+ Rxg8 28. Qf2 Qc8 29. Qe2 Qxh3 30. Bxa6 Rg2 31. Qd1 Qh2 32. Rc2 Rxc2 33. Qxc2 Qh1+ 34. Nc1 Qxf3 35. Bc4 Qe3 36. a4 Ne4 37. Ka2 Nd2 38. Qh7 Bf6 39. Qh6+ Ke7 40. Bb5 e4 0-1

[Event "SVK-chT1E 1718"]
[Site "Slovakia"]
[Date "2017.11.04"]
[Round "3.1"]
[White "Zambor, Norbert"]
[Black "Svana, Peter"]
[Result "0-1"]
[WhiteElo "2284"]
[BlackElo "2209"]
[PlyCount "98"]
[EventDate "2017.10.21"]
[EventType "team-tourn"]
[EventRounds "11"]
[EventCountry "SVK"]
[SourceTitle "CBM 181 Extra"]
[Source "ChessBase"]
[SourceDate "2017.12.12"]
[SourceVersion "1"]
[SourceVersionDate "2017.12.12"]
[SourceQuality "1"]
[WhiteTeam "Margecany OSK"]
[BlackTeam "Kysucke Nove Mesto"]
[WhiteTeamCountry "SVK"]
[BlackTeamCountry "SVK"]

1. d4 Nf6 2. Nc3 d5 3. Bf4 Bf5 4. e3 e6 5. f3 Bb4 6. g4 Bg6 7. h4 h5 8. g5 Nfd7 9. Bd3 Bf5 10. Nge2 Nb6 11. a3 Bd6 12. Qd2 Nc6 13. 0-0-0 Bxd3 14. cxd3 Bxf4 15. exf4 g6 16. Qe3 Qd7 17. Kb1 0-0-0 18. Rc1 Kb8 19. Rc2 Ne7 20. b4 Nf5 21. Qf2 Nc8 22. Nc1 Ncd6 23. Nb3 Nb5 24. Nxb5 Qxb5 25. Rc3 Rc8 26. Rhc1 b6 27. R1c2 Qd7 28. Nc1 c6 29. Ne2 Qd6 30. Rb3 Ka8 31. a4 Rc7 32. Ra2 Rb8 33. Rab2 Rcb7 34. Ka2 a5 35. Qe1 axb4 36. Rxb4 Qc7 37. Kb1 c5 38. dxc5 bxc5 39. Rb5 Rxb5 40. axb5 Kb7 41. d4 c4 42. b6 Qd6 43. Qa5 Ra8 44. Qb5 Qc6 45. Qb4 Nd6 46. Nc3 Ra6 47. Nb5 Nxb5 48. Qe7+ Kxb6 49. Qd8+ Ka7 0-1

[Event "SVK-chT1E 1617"]
[Site "Slovakia"]
[Date "2017.02.25"]
[Round "8.1"]
[White "Svana, Peter"]
[Black "Zambor, Norbert"]
[Result "1-0"]
[WhiteElo "2252"]
[BlackElo "2306"]
[PlyCount "143"]
[EventDate "2016.10.15"]
[EventType "team-tourn"]
[EventRounds "11"]
[EventCountry "SVK"]
[SourceTitle "EXT 2018"]
[Source "ChessBase"]
[SourceDate "2017.10.13"]
[SourceVersion "1"]
[SourceVersionDate "2017.10.13"]
[SourceQuality "1"]
[WhiteTeam "Kysucke Nove Mesto"]
[BlackTeam "Margecany Eltra"]
[WhiteTeamCountry "SVK"]
[BlackTeamCountry "SVK"]

1. e4 c5 2. Nf3 Nc6 3. Nc3 Nf6 4. g3 e5 5. Bg2 Be7 6. d3 0-0 7. Nd5 d6 8. Nxe7+ Qxe7 9. 0-0 h6 10. Nh4 Be6 11. Nf5 Bxf5 12. exf5 d5 13. Re1 Rfe8 14. g4 Qd6 15. c3 Rad8 16. h4 Nd7 17. g5 hxg5 18. hxg5 Nb6 19. a4 a5 20. f6 gxf6 21. gxf6 Qxf6 22. Re3 Ne7 23. Rg3+ Ng6 24. Bg5 Qd6 25. Qh5 Rc8 26. Bh3 Rc6 27. Bf5 Nd7 28. Kg2 Ndf8 29. Rh1 e4 30. Rg4 Qe5 31. dxe4 dxe4 32. Rxe4 Qg7 33. Kf1 Rxe4 34. Bxe4 Re6 35. f3 Qe5 36. Bh6 Qxh5 37. Rxh5 b6 38. Rd5 Ne7 39. Rg5+ Nfg6 40. Rg2 Rd6 41. Bg5 Kf8 42. Ke1 Ne5 43. Re2 f6 44. Bh4 Kf7 45. Bg3 Rd7 46. Kf2 c4 47. Bxe5 fxe5 48. Bb1 Kf6 49. Ba2 Rc7 50. Re4 Nf5 51. Rxc4 Rxc4 52. Bxc4 Ke7 53. Bd5 Kd6 54. Be4 Ng7 55. b4 Ne6 56. Ke3 Nf4 57. Kd2 Ng2 58. Kd3 Kc7 59. bxa5 bxa5 60. Kc4 Ne3+ 61. Kb5 Nd1 62. c4 Nc3+ 63. Kxa5 Ne2 64. Kb5 Nd4+ 65. Kc5 Nb3+ 66. Kb4 Nd4 67. a5 Ne6 68. Bd5 Nd4 69. c5 Nc2+ 70. Kc3 Na3 71. a6 Nb5+ 72. Kd3 1-0

[Event "SVK-chT2C 1617"]
[Site "Slovakia"]
[Date "2017.01.21"]
[Round "7.3"]
[White "Lisko, Frantisek"]
[Black "Svana, Peter"]
[Result "1-0"]
[WhiteElo "2231"]
[BlackElo "2268"]
[PlyCount "63"]
[EventDate "2016.10.08"]
[EventType "team-tourn"]
[EventRounds "11"]
[EventCountry "SVK"]
[SourceTitle "EXT 2018"]
[Source "ChessBase"]
[SourceDate "2017.10.13"]
[SourceVersion "1"]
[SourceVersionDate "2017.10.13"]
[SourceQuality "1"]
[WhiteTeam "Dunajov Inbest II"]
[BlackTeam "Zilina Mladost II"]
[WhiteTeamCountry "SVK"]
[BlackTeamCountry "SVK"]

1. d4 Nf6 2. c4 g6 3. f3 d5 4. cxd5 Nxd5 5. e4 Nb6 6. Nc3 Bg7 7. Be3 0-0 8. Qd2 Nc6 9. 0-0-0 e5 10. d5 Nd4 11. f4 c5 12. fxe5 Bg4 13. Re1 Bxe5 14. h3 Qh4 15. Bd3 f5 16. Kb1 Bg3 17. Rc1 f4 18. Bxd4 cxd4 19. Nb5 f3 20. hxg4 Qxh1 21. Nxf3 Qxc1+ 22. Qxc1 Bf4 23. Qd1 Rac8 24. Bc2 Nc4 25. Bb3 d3 26. d6 Kg7 27. d7 Rc5 28. Bxc4 Rxc4 29. Nc3 d2 30. e5 b5 31. e6 Kf6 32. Nxd2 1-0

[Event "SVK-chT1E 1617"]
[Site "Slovakia"]
[Date "2016.10.16"]
[Round "2.1"]
[White "Neugebauer, Martin"]
[Black "Svana, Peter"]
[Result "1-0"]
[WhiteElo "2437"]
[BlackElo "2252"]
[PlyCount "83"]
[EventDate "2016.10.15"]
[EventType "team-tourn"]
[EventRounds "11"]
[EventCountry "SVK"]
[SourceTitle "CBM 175 Extra"]
[Source "ChessBase"]
[SourceDate "2016.12.12"]
[SourceVersion "1"]
[SourceVersionDate "2016.12.12"]
[SourceQuality "1"]
[WhiteTeam "Kosice Slavia TU"]
[BlackTeam "Kysucke Nove Mesto"]
[WhiteTeamCountry "SVK"]
[BlackTeamCountry "SVK"]

1. e4 c5 2. Nf3 d6 3. d4 cxd4 4. Nxd4 Nf6 5. Nc3 a6 6. h3 e6 7. g4 b5 8. g5 Nfd7 9. a3 Bb7 10. Be3 Nc6 11. h4 Nc5 12. f4 Qc7 13. Bg2 Nxd4 14. Qxd4 Rc8 15. 0-0 h6 16. Rae1 hxg5 17. hxg5 Rh4 18. Qd1 g6 19. Bd4 Be7 20. Qf3 Rh7 21. Qg3 Nd7 22. Re2 Qc4 23. Rd1 b4 24. b3 Qc7 25. axb4 e5 26. Nd5 Bxd5 27. exd5 Kf8 28. Be3 exf4 29. Bxf4 Ne5 30. c4 Qb6+ 31. c5 Qxb4 32. cxd6 Bxd6 33. Bxe5 Bc5+ 34. Kf1 Rh4 35. Bf3 Qxb3 36. Qxh4 Qxd1+ 37. Kg2 Qg1+ 38. Kh3 Qf1+ 39. Kg4 Qc1 40. Qh8+ Ke7 41. Qxc8 Qc4+ 42. Kh3 1-0